000 00394nam a2200145Ia 4500
008 240624s9999 xx 000 0 und d
041 _aeng
082 _a330 FIE
100 _aFIELD BARRY C
245 _aENVIRONMENTAL ECONOMICS AN INTRODUCTION
250 _a(5th ed.)
260 _c2009
_aBoston
_bMcGraw-Hill International Edition
300 _axviii, : 493 : p. : cm. ; 23
365 _c
_b30
999 _c14798
_d14798